Statystyki dla Kierowcy F1 2016

Kliknij tutaj aby rozwiązać quiz!

Ogólne statystyki

  • Ten quiz został rozwiązany 30 razy
  • Średni wynik to 16 z 22

Statystyki odpowiedzi

NumerKierowca% Poprawnych
44Lewis Hamilton
100%
5Sebastian Vettel
100%
3Daniel Ricciardo
96%
33Max Verstappen
96%
77Valtteri Bottas
96%
14Fernando Alonso
92%
7Kimi Raikkonen
92%
11Sergio Perez
92%
55Carlos Sainz
88%
19Felipe Massa
85%
6Nico Rosberg
85%
26Daniil Kvyat
77%
20Kevin Magnussen
77%
8Romain Grosjean
73%
22Jenson Button
69%
27Nico Hulkenberg
65%
9Marcus Ericsson
50%
30Jolyon Palmer
46%
21Esteban Gutierrez
42%
88Rio Haryanto
31%
94Pascal Wehrlein
27%
12Felipe Nasr
23%

Rozkład punktacji

Percentyl według liczby udzielonych odpowiedzi

Procent ludzi z każdym wynikiem

Twoja historia wyników

Nie rozwiązałeś tego quizu